| LEADER 00000nam 2200000uu 4500 |
| 001 13399128828 |
| 003 BCNR |
| 008 260629s2567||||th 000 0 tha d |
| 020 ^a9786166210033
|
| 041 ^atha
|
| 060 4 ^aWJ378^bป619ภ 2567
|
| 100 0 ^aปิยวรรณ กิตติสกุลนาม
|
| 245 00 ^aโภชนาการโรคไตฉบับครอบคลุม =^bComprehensive renal nutrition /^cปิยวรรณ กิตติสกุลนาม
|
| 246 00 ^aComprehensive renal nutrition
|
| 250 ^aพิมพ์ครั้งที่ 1
|
| 260 ^aกรุงเทพฯ :^bเท็กซ์ แอนด์ เจอร์นัล พับลิเคชั่น,^c2567
|
| 300 ^a400 หน้า :^bภาพประกอบ (ภาพสีบางภาพ), ตาราง ;^c30 ซม.
|
| 505 0 ^aบทที่ 1 ตัวชี้วัดโภชนาการที่สัมพันธ์กับผลลัพธ์ทางคลินิกในผู้ป่วยโรคไต -- บทที่ 2 โภชนบำบัดทางการแพทย์ในการชะลอความเสื่อมไต -- บทที่ 3 การรักษาภาวะพร่องโปรตีนและพลังงานในผู้ป่วยที่ได้รับการบำบัดทดแทนไต -- บทที่ 4 การวัดองค์ประกอบร่างกายด้วยเครื่องมือยุคใหม่ในผู้ป่วยโรคไต -- บทที่ 5 ภาวะมวลกล้ามเนื้อน้อยในผู้ป่วยโรคไต --
|
| 650 4 ^a
|
| 650 4 ^a
|
| 999 ^aบรรณารักษ์
|